Export Ready — 

Egyptian stelae in Field Museum of Natural History /

Saved in:

Corporate Author: Field Museum of Natural History.

Other Authors: Allen, Thomas George.

Format: Book

Language: English

Published: Chicago : Field Museum of Natural History, 1936.

Series: Publication (Field Museum of Natural History : 1909). Anthropological series ; v. 24, no. 1.
Publication (Field Museum of Natural History : 1909) ; 359.

Subjects:

Tags: Add Tag

No Tags, Be the first to tag this record!

Call Number: PJ1511.F45 .A9

LEADER 01228cam a2200301Ma 4500
001 ocn912723241
003 OCoLC
005 20240220045241.0
008 020304s1936 iluaf b 000 0 eng d
043 |a f-ua--- 
050 4 |a PJ1511.F45  |b .A9 
110 2 |a Field Museum of Natural History. 
245 1 0 |a Egyptian stelae in Field Museum of Natural History /  |c by Thomas George Allen. 
264 1 |a Chicago :  |b Field Museum of Natural History,  |c 1936. 
300 |a 79 pages, XLIII pages of plates :  |b illustrations ;  |c 24 cm. 
336 |a text  |b txt  |2 rdacontent 
337 |a unmediated  |b n  |2 rdamedia 
338 |a volume  |b nc  |2 rdacarrier 
490 1 |a Publication (Field Museum of Natural History : 1909). Anthropological series ;  |v v. 24, no. 1 
490 1 |a Publication (Field Museum of Natural History : 1909) ;  |v 359 
504 |a Includes bibliographical references (pages 77-78). 
650 0 |a Stele (Archaeology) 
650 0 |a Inscriptions, Egyptian. 
651 0 |a Egypt  |x Antiquities. 
700 1 |a Allen, Thomas George. 
830 0 |a Publication (Field Museum of Natural History : 1909).  |p Anthropological series ;  |v v. 24, no. 1. 
830 0 |a Publication (Field Museum of Natural History : 1909) ;  |v 359. 
999 |c 56904  |d 56904